00387pab a2200133 454500008004000000100002500040245008500065260000900150300001300159362001200172650003300184650001000217773002600227180718b2008 xxu||||| |||| 00| 0 eng d aMishra, Rajesh et al aTrends of illicit narcotic drug trading in Chhattisgarh state: a data base study c2008 ap.35-42. aJul-Sep aDrugs - India - Chhattisgarh aDrugs aIndian Police Journal